Podíl ČSVTS na realizaci Programu rozvíjení účasti dětí a mládeže ve vědeckotechnickém rozvoji Referát přednesený ing. S. Vondráčkem, CSc., na 7. zasedání ÚR ČSVTS

Bibliographic Details
Format: Article
Language:Slovak
Czech
Subjects:

MARC

LEADER 00000nab a2200000 a 4500
001 vtls000227757
003 SK-MaSNL
005 20260304072437.0
008 250423c1985 xo 0 slo
015 |a SNBRB19rr/mm-uuuuu 
035 |a CL0237871 
035 |a urn:nbn:sk:snk-abbezf 
035 |a (urnnbn)urn:nbn:sk:snk:ar-00578y 
035 |a (uuid)eb6523bd-8730-49f8-a143-c064dcc99ffe 
040 |a SNKBUCL  |b slo  |c SNKBUCL  |e AACR2 
041 0 |a cze 
044 |a xo  |c SK 
080 |a 608:061.25(437):330.341.1-053.5/.6  |2 1981 
080 |a 061.25(437)  |2 1981 
080 |a 330.341.1-053.5/.6  |2 1981 
245 0 0 |a Podíl ČSVTS na realizaci Programu rozvíjení účasti dětí a mládeže ve vědeckotechnickém rozvoji  |b Referát přednesený ing. S. Vondráčkem, CSc., na 7. zasedání ÚR ČSVTS 
610 2 7 |a Československá vedecko-technická spoločnosť  |2 snkbucl  |9 440198 
650 0 7 |a vedecko-technický rozvoj  |2 snkbucl  |9 3999 
650 0 7 |a mládež  |2 snkbucl  |9 1575 
650 0 7 |a deti  |2 snkbucl  |9 773 
655 7 |a články z novín a časopisov  |2 snkbucl  |9 267496 
773 0 |t Technická práca  |g Roč. 37, č. 7 (1985) 
850 |a Slovenská národná knižnica 
852 |a Slovenská národná knižnica 
958 |a article15 
958 |a RK 
958 |a CZ 
958 |a OND 
958 |a EUIPO 
992 |a RBX 
999 |c 2766513  |d 2768443